书目信息 |
| 题名: |
东北抗日联军抗战纪实
|
|
| 作者: | 王晓辉 著 ;候树栋 , 范震江 著 | |
| 分册: | ||
| 出版信息: | 北京 人民出版社 2005 |
|
| 页数: | 813页 | |
| 开本: | 21cm | |
| 丛书名: | 抗日战争历史纪实丛书 | |
| 单 册: | ||
| 中图分类: | K264.306 | |
| 科图分类: | ||
| 主题词: | 东北抗日联军--史料 | |
| 电子资源: | ||
| ISBN: | 7-01-005039-2 | |
| 000 | 01089nam0 2200277 450 | |
| 001 | TS2006029323 | |
| 005 | 20070110093419.04 | |
| 010 | @a7-01-005039-2@dCNY58.00 | |
| 100 | @a20060829d2005 ekmy0chiy0121 ea | |
| 101 | 0 | @achi |
| 102 | @aCN@b110000 | |
| 105 | @aab a 000yy | |
| 200 | 1 | @a东北抗日联军抗战纪实@ADong Bei Kang Ri Lian Jun Kang Zhan Ji Shi@f王晓辉著@FWang Xiao Hui Zhu |
| 210 | @a北京@c人民出版社@d2005 | |
| 215 | @a813页@c图, 地图@d21cm | |
| 225 | 2 | @a抗日战争历史纪实丛书@f候树栋, 范震江著 |
| 320 | @a有书目:(808-810页) | |
| 330 | @a为了纪念中国人民抗日战争暨世界反法西斯战争胜利60周年,我社约请我党、我军著名的马克思主义理论家,中国人民解放军国防大学原副校长侯树栋中将,我国著名的军史专家、中国人民解放军国防大学战略教研部主任范震江少将主编了《抗日战争历史纪实》丛书。 | |
| 410 | 0 | @12001 @a抗日战争历史纪实丛书 |
| 606 | 0 | @a东北抗日联军@x史料 |
| 690 | @aK264.306@v4 | |
| 701 | 0 | @a王晓辉@AWang Xiao Hui@4著 |
| 702 | 0 | @a候树栋@AHou Shu Dong@4著 |
| 702 | 0 | @a范震江@AFan Zhen Jiang@4著 |
| 801 | 0 | @aCN@b中图数据@c20070110 |
| 905 | @a10447@dK264.306@e50 | |
| 东北抗日联军抗战纪实/王晓辉著.-北京:人民出版社,2005 |
| 813页:图, 地图;21cm.-(抗日战争历史纪实丛书/候树栋, 范震江著) |
| ISBN 7-01-005039-2:CNY58.00 |
| 为了纪念中国人民抗日战争暨世界反法西斯战争胜利60周年,我社约请我党、我军著名的马克思主义理论家,中国人民解放军国防大学原副校长侯树栋中将,我国著名的军史专家、中国人民解放军国防大学战略教研部主任范震江少将主编了《抗日战争历史纪实》丛书。 |
| ● |
| 相关链接 |
|
|
|
|
正题名:东北抗日联军抗战纪实
索取号:K264.306/50
 
预约/预借
| 序号 | 登录号 | 条形码 | 馆藏地/架位号 | 状态 | 备注 |
| 1 | 0601606 | 206016069 | 第二样本阅览室/ [索取号:K264.306/50] | 在馆 | |
| 2 | 0601607 | 206016078 | 第二借阅区/ [索取号:K264.306/50] | 在馆 | |
| 3 | 0601608 | 206016087 | 第二借阅区/ [索取号:K264.306/50] | 在馆 |